000 00266nam a22001097a 4500
008 170124b xxu||||| |||| 00| 0 eng d
020 _a9780781749725
041 _aeng
080 _26TH
_a618.2
245 _aESSENTIALS OF NURSING RESEARCH
_cPOLIT, D.F
942 _2udc
_cBK
999 _c3550
_d3550